Statistics for Safest / Least Safe European Capitals

Click here to take the quiz!

General Stats

  • This quiz has been taken 70 times
  • The average score is 7 of 10

Answer Stats

Safety Index Capital % Correct
46.76Paris
90%
50.14Athens
82%
44.92Rome
80%
78.73Copenhagen
79%
48.28Dublin
70%
78.91Vienna
67%
48.02Brussels
67%
81.53Bern
66%
76.85Reykjavík
57%
78.63Tallinn
38%

Score Distribution

Percentile by Number Answered

Percent of People with Each Score

Your Score History

You have not taken this quiz